000 00605nam a2200205 i 4500
001 7535
003 ES-MaACL
005 20251220063018.0
007 t|
008 910129s1989 sp ||||1| spa d
020 _a84-7209-221-6
080 _a32(09)
100 0 _aPrieto Martínez, Fernando
_993883
245 1 0 _aLecturas de historia de las ideas politicas /
_cFernando Prieto.
260 _aMadrid :
_bUnion Editorial,
_ccop. 1989.
300 _a517 p. ;
_c24 cm.
650 _aPolítica-
_vHistoria.
_9172015
852 _aES-MaACL
_jL-14727
_bR.118380
_z. - rust.
999 _c7535
_d7535